000 00575nam a22002297a 4500
003 UA-OsUOA
001 99064
007 ta
008 20130423b un ||||| |||| 00| 0 ukr d
100 _aСтанку З.
090 _a821.135.1
_bС73
942 _cBK
040 _aUA-OsUOA
_brus
_cUA-OsUOA
_dUA-OsUOA
245 _aБосой
_bроман
300 _a559 с.
955 _a3
041 _arus
080 _a821.135.1
260 _aМ.
_bПрогресс
_c1977
650 7 _a82 Література. Літературознавство
_2UDC
999 _c385527
_d385527